000 00584nam a22001817a 4500
005 20251108164104.0
008 250721s1982 xx 000 0 ara d
082 1 4 _a300.072/صلا
100 1 _aالفوال، صلاح مصطفى
245 1 0 _aمناهج البحث في العلوم الإجتماعية /
264 1 _aالقاهرة :
_bمكتبة غريب،
_c1982.
300 _a455ص
490 0 _aسلسلة كتب علم الإجتماع و التنمية
650 1 7 _aالعلوم الإجتماعية
650 1 7 _aالأبحاث
942 _2ddc
_cBK
999 _c3318
_d3318